01868cam a2200301 a 4500008004100000020001500041020002200056245009600078260007200174300003400246440003400280504004200314500002000356505089700376650003901273650002501312653001301337650003401350650003801384650002501422650002401447650002501471700002201496700002101518003000101539005001701540040000901557  a0199632065 a0199632103 (pbk.)00aProtein targeting :ba practical approach /cedited by Anthony I. Magee and Thomas Wileman. aOxford ;aNew York :bIRL Press at Oxford University Press,cc1992. axix, 267 p. :bill. ;c25 cm. 4aThe Practical approach series aIncludes bibliographical references.  aIncludes index.0 aReceptor-mediated endocytosis and lysosomal transport / Catherine M. Nolan -- Membrane traffic pathways in polarized epithelial cells / Juliet A. Ellis ... [et al.] -- Sorting between exocytic pathways in PC12 cells / Louise P. Cramer and Daniel F. Cutler -- Intracellular trafficking in fission yeast / John Armstrong, Erica Fawell and Alison Pidoux -- Network antibodies as tools for studying intracellular protein traffic / David Vaux -- Protein targeting to mitochondria / Ulla Wienhues ... [et al.] -- Techniques in nuclear protein transport / Colin Dingwall -- In vitro reconstitution of endocytic vesicle fusion / Jean Gruenberg and Jean-Pierre Gorvel -- In vitro reconstitution of vesicular transport from the endoplasmic reticulum to the cis Golgi in semi-intact cells / Ruth Schwaninger -- Lipid modifications involved in protein targeting / Wayne J. Masterson and Anthony I. Magee. 0aProteinsxPhysiological transport. 0aProteinsxSecretion.0 aProteins 2aEukaryotic Cellsxphysiology. 2aBiological Transportxphysiology. 2aProteinsxsecretion. 7aProteinas.2larpcal 7aBioquimica.2larpcal1 aMagee, Anthony I.1 aWileman, Thomas.20230123134135.0 cNUST